Hitler jako vojevůdce : jeho role v 1. a 2. světové válce /

Hlavní autor: Eberle, Henrik, 1970-
Další autoři: Čadský, Vladimír
Jazyk: Čeština
Vydáno: Praha : Ikar, 2016
Vydání: Vydání první
Témata:
Fyzický popis: 319 stran, 16 nečíslovaných stran obrazových příloh : ilustrace (převážně barevné), mapy, portréty, faksimile ; 24 cm
Knihy
Uloženo v:
LEADER 03238nam a2200781 i 4500
001 nkc20152756933
003 CZ PrNK
005 20160628151732.0
007 ta
008 151204s2016 xr abcfe 001 0dcze
015 |a cnb002756933 
020 |a 978-80-249-3014-5  |q (vázáno) 
035 |a (OCoLC)953515602 
040 |a BOA001  |b cze  |d OLA001  |e rda 
041 1 |a cze  |h ger 
043 |a e-gx--- 
045 |a x-x- 
072 7 |a 355/359  |x Vojenství. Obrana země. Ozbrojené síly  |2 Konspekt  |9 15 
072 7 |a 929  |x Biografie  |2 Konspekt  |9 8 
080 |a 355.081  |2 MRF 
080 |a 929  |2 MRF 
080 |a 355.12  |2 MRF 
080 |a 355.43  |2 MRF 
080 |a 355.133.4  |2 MRF 
080 |a 355.48(100)"1914/1918"  |2 MRF 
080 |a 355.48(100)"1939/1945"  |2 MRF 
080 |a 159.98:355  |2 MRF 
080 |a (430)  |2 MRF 
080 |a (0:82-96)  |2 MRF 
100 1 |a Eberle, Henrik,  |d 1970-  |7 xx0042853  |4 aut 
240 1 0 |a Hitlers Weltkriege.  |l Česky 
245 1 0 |a Hitler jako vojevůdce :  |b jeho role v 1. a 2. světové válce /  |c Henrik Eberle ; z německého originálu Hitlers Weltkriege : wie der Gefreite zum Feldherrn wurde ... přeložil Vladimír Čadský 
250 |a Vydání první 
264 1 |a Praha :  |b Ikar,  |c 2016 
300 |a 319 stran, 16 nečíslovaných stran obrazových příloh :  |b ilustrace (převážně barevné), mapy, portréty, faksimile ;  |c 24 cm 
336 |a text  |b txt  |2 rdacontent 
337 |a bez média  |b n  |2 rdamedia 
338 |a svazek  |b nc  |2 rdacarrier 
504 |a Obsahuje bibliografii, bibliografické odkazy a rejstřík 
600 1 7 |a Hitler, Adolf,  |d 1889-1945  |7 jn19990003541  |2 czenas 
610 1 7 |a Německo.  |b Heer  |7 kn20030402001  |2 czenas 
648 7 |a 1914-1918  |7 ch460644  |2 czenas 
648 7 |a 1939-1945  |7 ch460653  |2 czenas 
648 7 |a 20. století  |7 ch460558  |2 czenas 
650 0 7 |a vojevůdci  |7 ph127216  |z Německo  |y 20. století  |2 czenas 
650 0 7 |a vojenská služba  |7 ph127182  |z Německo  |y 1914-1918  |2 czenas 
650 0 7 |a vojenská strategie  |7 ph164241  |z Německo  |y 1939-1945  |2 czenas 
650 0 7 |a vojenské velení  |7 ph127203  |z Německo  |y 1939-1945  |2 czenas 
650 0 7 |a první světová válka (1914-1918)  |7 ph126327  |z Německo  |2 czenas 
650 0 7 |a druhá světová válka (1939-1945)  |7 ph117270  |z Německo  |2 czenas 
650 0 7 |a vojenská psychologie  |7 ph316339  |2 czenas 
650 0 9 |a military leaders  |z Germany  |y 20th century  |2 eczenas 
650 0 9 |a military service  |z Germany  |y 1914-1918  |2 eczenas 
650 0 9 |a military strategy  |z Germany  |y 1939-1945  |2 eczenas 
650 0 9 |a military command  |z Germany  |y 1939-1945  |2 eczenas 
650 0 9 |a World War (1914-1918)  |z Germany  |2 eczenas 
650 0 9 |a World War (1939-1945)  |z Germany  |2 eczenas 
650 0 9 |a military psychology  |2 eczenas 
655 7 |a literatura faktu  |7 fd132773  |2 czenas 
655 9 |a non-fiction  |2 eczenas 
700 1 |a Čadský, Vladimír  |7 jn20000810140  |4 trl 
910 2 |a BOA001  |b 2-1369.092 
928 9 |a Euromedia Group - Ikar 
990 |a BK 
995 |a 01 
991 |b 201606  |c NOV 
996 6 |b 2610671977  |c 2-1369.092  |l MZK  |r Sklad / do 1 hodiny  |n 0  |p p.v.  |w 001564578  |u 000010  |a 1  |e BOA001  |j MZK50  |s P 
996 7 |b 2610674172  |c 2-1369.092  |l MZK  |r Sklad / do 1 hodiny  |n 1  |p kup  |w 001564578  |u 000020  |a 1  |e BOA001  |j MZK50  |s A